Corbeta L'oriental y los daguerrotipos perdidos de Valparaíso.

Sábháilte in:
Sonraí bibleagrafaíochta
Príomhchruthaitheoir: Toro-Goya, Mauricio (autor, textos)
Rannpháirtithe: Aguirre Evangelista, Soledad (textos)
Formáid: LEABHAR
Teanga:Spáinnis
Foilsithe / Cruthaithe: [Valparaíso, Chile]: 1621 Editores, 2021.
Ábhair:
Clibeanna: Cuir clib leis
Níl clibeanna ann, Bí ar an gcéad duine le clib a chur leis an taifead seo!

MARC

LEADER 00000nam a22000007a 4500
003 CL-VaPUC
005 20250407202457.0
008 250320t2021 ||||| |||| 00| 0 spa d
999 |c 447502  |d 447500 
040 |c Pontificia Universidad Católica de Valparaíso 
082 |2 22  |a 772.12 TOR 2020 
100 |9 550894  |a Toro-Goya, Mauricio  |e autor  |e textos 
245 |a Corbeta L'oriental y los daguerrotipos perdidos de Valparaíso. 
260 |a [Valparaíso, Chile]:  |b 1621 Editores,  |c 2021. 
300 |a 83 páginas:  |b fotografías. 
500 |a c.1-2: Instituto Arcos. 08-01-2025 
583 |c 20250320  |k Yessy Sthefany Diaz Vidal 
650 0 |9 268495  |a Fotografía  |x Daguerrotipo (proceso fotográfico)  |v Historia  |z Chile 
651 0 |9 261144  |a Valparaíso, Chile  |v Fotografías en blanco y negro  |x Vida social, lugares, etc.  |y Siglo 20 
700 |9 897194  |a Aguirre Evangelista, Soledad  |e textos 
942 |2 ddc  |c BK  |n 0 
952 |0 0  |1 0  |2 ddc  |4 0  |6 772_120000000000000_TOR_2020  |7 0  |8 A  |9 601609  |a BIBINC  |b BIBINC  |d 2025-03-20  |e Instituto Arcos  |i 5666490  |o 772.12 TOR 2020  |p 5666490  |r 2025-03-20  |t 1  |w 2025-03-20  |y BK  |k IFP 
952 |0 0  |1 0  |2 ddc  |4 0  |6 772_120000000000000_TOR_2020  |7 0  |8 A  |9 601610  |a BIBINC  |b BIBINC  |d 2025-03-20  |e Instituto Arcos  |i 5666491  |o 772.12 TOR 2020  |p 5666491  |r 2025-03-20  |t 2  |w 2025-03-20  |y BK  |k IFP